00909naa#a2200193#i#4500001001600000005001700016011001400033100004100047102000700088200023100095210005600326215001000382608004500392675010400437700005200541700005200593700005800645856001200703RU\\bibl\11932620260418131945.6##a2782-4586##a20260331b2026####ek#y0rusy0150####ca##aRU1#aИспользование искусственного интеллекта в бухгалтерском учете: оценка трансформационного воздействияeЖурнальная статья1#aМоскваcУниверситет ИТБОd2026##a9 с.##aЖурнальная статья2local##aЭкономические науки в целом. Политическая экономия. 330#1aВандинаgОльга Георгиевна#1aОбуховаgНаталья Игоревна#1aСнегиреваgНаталья Вадимовна4#azhpi.ru